Voyage dans l'Amerique du Nord, en 1835 et 1843, avec notes sur les expositions universelles de Dublin et de New-York; Voyage dans l'Amerique du Nord, en 1835 et 1843, avec notes sur les expositions universelles de Dublin et de New-York

Bibliographische Detailangaben
1. Verfasser: Lambert G. Guillaume
Zusammenfassung:В описании используется грамматика 19 века
Sprache:Französisch
Veröffentlicht: Bruxelles, M. Hayez, Imprimeur de L'Academie Royale de Belgique, 1855
Schlagworte:
Format: MixedMaterials Buch
KOHA link:https://koha.lib.tpu.ru/cgi-bin/koha/opac-detail.pl?biblionumber=678873

MARC

LEADER 00000nam0a2200000 4500
001 678873
005 20250305110221.0
090 |a 678873 
100 |a 20250227d1855 k||y0rusy50 ba 
101 0 |a fre 
102 |a BE 
105 |a y z 000yy 
181 0 |a i   |b  e  
182 0 |a n 
183 0 |a nc  |2 RDAcarrier 
200 1 |a Voyage dans l'Amerique du Nord, en 1835 et 1843, avec notes sur les expositions universelles de Dublin et de New-York  |f Guillaume Lambert 
203 |a Текст  |b визуальный  |c непосредственный 
210 |a Bruxelles  |c M. Hayez, Imprimeur de L'Academie Royale de Belgique  |d 1855 
215 |a [6], 320 p., 1f. 
283 |a volume  |2 RDAcarrier 
300 |a В описании используется грамматика 19 века 
316 |5 63413507: 9198  |a На обложке владельческая подпись: "Генн. Романовский" 
316 |5 63413507: 9198  |a На авантитуле надпись на французском языке 
317 |5 63413507: 9198  |a Приобретен ТТИ в 1908 г. для Горного отделения В. А. Обручевым и Л. Л. Тове из библиотеки профессора Горного института Г. Д. Романовского 
421 1 |0 678877  |9 678877  |a Lambert, G.  |t Voyage dans l'Amerique du Nord, en 1835 et 1843, avec notes sur les expositions universelles de Dublin et de New-York  |o Atlas  |f Guillaume Lambert  |c Bruxelles  |n M. Hayez, imprimeur de L'Academie royale de Belgique  |d 1855  |p 126 p. 
541 1 |a Путешествия по Северной Америке в 1853 и 1854 годах. С заметками о всемирных выставках в Дублине и Нью-Йорке.  |z rus 
606 |a Выставки торгово-промышленные  |9 32304 
606 |a Техника  |9 77509 
610 1 |a география 
610 1 |a Северная Америка 
610 1 |a 19 век 
610 1 |a Нью-Йорк 
610 1 |a Дублин 
610 1 |a промышленность 
610 1 |a геология 
610 1 |a искусство 
610 1 |a выставки 
610 1 |a владельческие подписи 
610 1 |a Библиотека Г. Д. Романовского 
610 1 |a французский язык 
675 |a 62(064)  |v 4 
686 |2 rubbk  |a У9(2)212.4 
700 1 |a Lambert  |b G.  |g Guillaume 
801 0 |a RU  |b 63413507  |c 20250227 
830 |a Ретро2025Каталогизация Кузнецова (РФ) 
850 |a 63413507 
942 |c BK